Nociones básicas costos con Microsoft Excel : utilizando herramientas en Microsoft Excel /
Guardado en:
| Autor Principal: | |
|---|---|
| Otros Autores: | |
| Formato: | Libro |
| Idioma: | Spanish |
| Publicado: |
Buenos Aires :
Omicron System,
2003.
|
| Materias: | |
| Etiquetas: |
Agregar Etiqueta
Sin Etiquetas, Sea el primero en etiquetar este registro!
|
| LEADER | 00675nam a22001815a 4500 | ||
|---|---|---|---|
| 001 | EEO.eeo001085 | ||
| 008 | 070912s2003####ag#a###g######000#0#spa#d | ||
| 005 | 20160418091021.0 | ||
| 245 | 1 | 0 | |a Nociones básicas costos con Microsoft Excel : |b utilizando herramientas en Microsoft Excel / |c Juan Martín Carratalá y Horacio O. Albano. |
| 260 | |a Buenos Aires : |b Omicron System, |c 2003. | ||
| 300 | |a 145 p. : |b il. ; |c 21 cm. | ||
| 020 | |a 9871046200 | ||
| 100 | 1 | |a Carratalá, Juan Martín. | |
| 700 | 1 | |a Albano, Horacio O. | |
| 650 | 7 | |a Costos. |2 mpirdes | |
| 650 | 7 | |a Informática. |2 Isoc | |
| 650 | 7 | |a Contabilidad analítica. |2 Isoc | |
| 859 | |a AR-BaUEB |b BIB. ECONOMIA - General |h 657.4 |i C231 |p e13981 | ||
